Statistics for Fish by Picture #2

Click here to take the quiz!

General Stats

  • This quiz has been taken 5,486 times
  • The average score is 7 of 15

Answer Stats

Answer % Correct
{Gold}fish
99%
Koi
82%
Stingray
80%
Largemouth {Bass}
75%
{Angler}fish
58%
Bigeye Tuna
56%
{Sail}fish
42%
Siamese Fighting Fish
40%
Leafy {Sea} {Dragon}
37%
Sea Lamprey
36%
Beluga Sturgeon
35%
Blue Tang
33%
{Trigger}fish
20%
{Zebra}fish
18%
{Butterfly}fish
15%

Score Distribution

Percentile by Number Answered

Percent of People with Each Score

Your Score History

You have not taken this quiz